Historia del franquismo: orígenes y configuración, 1939-1945
Wedi'i Gadw mewn:
| Prif Awdur: | |
|---|---|
| Fformat: | Llyfr |
| Iaith: | Sbaeneg |
| Cyhoeddwyd: |
Barcelona, España
Planeta
1976
|
| Rhifyn: | Cuarta edición |
| Cyfres: | Espejo de España
|
| Pynciau: | |
| Tagiau: |
Ychwanegu Tag
Dim Tagiau, Byddwch y cyntaf i dagio'r cofnod hwn!
|
MARC
| LEADER | 00000nam a2200000 a 4500 | ||
|---|---|---|---|
| 001 | UCX2596 | ||
| 003 | CL-VaPUC | ||
| 005 | 20240402111019.0 | ||
| 008 | 910627e19760000SP |||||||||||||||||spa|d | ||
| 999 | |c 223587 |d 223585 | ||
| 020 | |a 8432056197 | ||
| 040 | |c Pontificia Universidad Católica de Valparaíso | ||
| 082 | 0 | 4 | |a 946.0824 CIE 1976 |2 21 |
| 100 | 0 | |a Cierva, Ricardo de la |e author |9 318597 | |
| 245 | 1 | 0 | |a Historia del franquismo: |b orígenes y configuración, 1939-1945 |
| 250 | |a Cuarta edición | ||
| 260 | |a Barcelona, España |b Planeta |c 1976 | ||
| 300 | |a 437 páginas | ||
| 490 | 0 | |a Espejo de España | |
| 583 | |a last modification |c 19910627 00:00:00 |k Rodrigo Vera | ||
| 650 | 0 | |a Franquismo |z ESPAÑA |9 318598 | |
| 650 | 7 | |a HISTORIA DE ESPAÑA |2 CL-VaPUC |9 313493 |y 1939-1975 | |
| 852 | |a BIBCUR | ||
| 942 | |c BK |2 ddc | ||
| 945 | |d 19910627 00:00:00 | ||
| 952 | |0 0 |1 0 |2 ddc |4 0 |6 946_082400000000000_CIE_1976 |7 0 |8 A |9 219546 |a BIBHIS |b BIBHIS |d 2019-11-15 |i 288240K |o 946.0824 CIE 1976 |p 288240K |r 2025-01-20 |t 1 |w 2019-11-15 |y BK |k HIS | ||